000
00377nam a2200181Ia 4500
008
221030s9999 xx 000 0 und d
020
_a
0471804576
041
_a
English
082
_a
105.23
_b
Hal
100
_a
D. Halliday
245
0
_a
Physics Vol. II
250
_a
4th
260
_c
1994
300
_a
1020
650
_a
Physics
700
_a
R. Resnick
942
_c
BK
999
_c
1894
_d
1894